[Event "Campeonato del Mundo sub-20 2010"]
[Site "Chotowa POL"]
[Date "2010.08.11"]
[Round "8.30"]
[White "Ashwin, Jayaram"]
[Black "Narmontas, Matas"]
[Result "1/2-1/2"]
[WhiteElo "2454"]
[BlackElo "2379"]
[PlyCount "238"]
[EventDate "2010.08.03"]
[EventType "swiss"]
[EventRounds "13"]
[EventCountry "POL"]
[Source "lmi"]
[SourceDate "2010.08.03"]

1. d4 d5 2. c4 c6 3. Nf3 Nf6 4. Nc3 a6 5. e3 b5 6. c5 g6 7. Ne5 Nfd7 8. f4 Bg7
9. Nd3 a5 10. Be2 O-O 11. h4 Nf6 12. h5 b4 13. Na4 Ne4 14. Nb6 Ra7 15. Bf3 Be6
16. g4 Nd7 17. h6 Bf6 18. Na4 Re8 19. Qc2 Bh8 20. Qg2 f5 21. g5 Nf8 22. O-O Bc8
23. Rd1 Ba6 24. Ne1 Ne6 25. Be2 Bxe2 26. Qxe2 Qc7 27. Nf3 Nf8 28. Bd2 Nd7 29.
Rac1 Rb8 30. Be1 e6 31. Qc2 Rb5 32. b3 Rab7 33. Nb2 Nb8 34. Nd3 Na6 35. Ra1 Qb8
36. Rdc1 Nc7 37. Nb2 Ra7 38. Kg2 Rbb7 39. a3 Nb5 40. axb4 axb4 41. Nd3 Nbc3 42.
Rxa7 Rxa7 43. Nxb4 Qxb4 44. Bxc3 Qb5 45. Ra1 Rxa1 46. Bxa1 Qa6 47. Bc3 Kf7 48.
Be1 Ke8 49. Ng1 Qa1 50. Qe2 Kd7 51. b4 Kc7 52. Nh3 Qb1 53. Nf2 Nxf2 54. Kxf2
Kb7 55. Bc3 Qb3 56. Qd3 Qa2+ 57. Bd2 Qa4 58. Ke2 Kc7 59. Bc3 Kb7 60. Kd2 Qa2+
61. Qc2 Qa6 62. Qb2 Qf1 63. Kc2 Qe2+ 64. Bd2 Qc4+ 65. Qc3 Qa2+ 66. Kc1 Qa4 67.
b5 cxb5 68. Qa5 Qc4+ 69. Kb2 Qxc5 70. Qd8 Bxd4+ 71. exd4 Qxd4+ 72. Bc3 Qf2+ 73.
Kb3 Qxf4 74. Qd7+ Ka8 75. Qxh7 Qc4+ 76. Kb2 Qe2+ 77. Ka3 b4+ 78. Bxb4 Qa6+ 79.
Kb2 Qe2+ 80. Kb3 Qc4+ 81. Ka4 Qa6+ 82. Ba5 Qc4+ 83. Ka3 Qd3+ 84. Kb4 Qc4+ 85.
Ka3 Qd3+ 86. Kb2 Qe2+ 87. Kc1 Qc4+ 88. Kd2 Qd4+ 89. Kc2 Qe4+ 90. Kb3 Qc4+ 91.
Ka3 Qd3+ 92. Ka4 Qc4+ 93. Bb4 Qa6+ 94. Kb3 Qc4+ 95. Ka3 Qd3+ 96. Kb2 Qe2+ 97.
Kc1 Qc4+ 98. Kd1 Qd3+ 99. Bd2 Qf1+ 100. Kc2 Qc4+ 101. Bc3 Qe2+ 102. Kc1 Qf1+
103. Kd2 Qg2+ 104. Kd1 Qf3+ 105. Kc2 Qe2+ 106. Bd2 Qc4+ 107. Kb2 Qb5+ 108. Kc1
Qc4+ 109. Kd1 Qf1+ 110. Be1 Qd3+ 111. Kc1 Qc4+ 112. Kd2 Qd4+ 113. Ke2 Qe4+ 114.
Kf2 Qh4+ 115. Kg2 Qe4+ 116. Kf1 Qh1+ 117. Ke2 Qe4+ 118. Kd2 Qd4+ 119. Kc1 Qc4+
1/2-1/2

[Event "Campeonato del Mundo sub-20 2010"]
[Site "Chotowa POL"]
[Date "2010.08.11"]
[Round "8.32"]
[White "Kantans, Toms"]
[Black "Arnold, Marc Tyler"]
[Result "1-0"]
[WhiteElo "2343"]
[BlackElo "2432"]
[PlyCount "140"]
[EventDate "2010.08.03"]
[EventType "swiss"]
[EventRounds "13"]
[EventCountry "POL"]
[Source "lmi"]
[SourceDate "2010.08.03"]

1. c4 e5 2. Nc3 Bb4 3. g3 Nf6 4. Bg2 O-O 5. Nf3 Qe7 6. O-O Bxc3 7. dxc3 d6 8.
Ne1 c6 9. e4 Bg4 10. Qd3 Nbd7 11. Be3 Rad8 12. h3 Bh5 13. f3 Bg6 14. Qe2 d5 15.
cxd5 cxd5 16. exd5 Nxd5 17. Bf2 b6 18. Nc2 Nc5 19. Rfd1 Rfe8 20. Rd2 e4 21.
Rad1 Nf6 22. Rxd8 Rxd8 23. Rxd8+ Qxd8 24. f4 Qd3 25. Bf1 Qxe2 26. Bxe2 Bf5 27.
g4 Bd7 28. Bxc5 bxc5 29. Kf2 Kf8 30. c4 a5 31. Ke3 Bc6 32. Na3 Ne8 33. Nb1 Nd6
34. Nd2 f5 35. Nb3 Nb7 36. Bd1 a4 37. Nd2 Nd6 38. b3 axb3 39. axb3 Ke7 40. Nf1
g6 41. Kd2 Ne8 42. Ne3 Kf6 43. g5+ Ke7 44. h4 Ng7 45. Nc2 Kd6 46. Ke3 Ne6 47.
Be2 Kc7 48. h5 Be8 49. h6 Kb6 50. Bd1 Ka5 51. Be2 Kb6 52. Bd1 Kc7 53. Ne1 Nd4
54. Ng2 Bf7 55. Nh4 Kb6 56. b4 Nc6 57. bxc5+ Kxc5 58. Ba4 Ne7 59. Bd7 Kxc4 60.
Ng2 Nd5+ 61. Kd2 Kd4 62. Bc6 e3+ 63. Ke2 Nc3+ 64. Kf3 Bd5+ 65. Bxd5 Nxd5 66.
Nh4 e2 67. Kxe2 Nxf4+ 68. Kf3 Ne6 69. Kg3 Nxg5 70. Kf4 Nf7 1-0

[Event "Campeonato del Mundo sub-20 2010"]
[Site "Chotowa POL"]
[Date "2010.08.11"]
[Round "8.34"]
[White "Ivanov, Stojan Lubomirov"]
[Black "Firat, Burak"]
[Result "1/2-1/2"]
[WhiteElo "2223"]
[BlackElo "2420"]
[PlyCount "120"]
[EventDate "2010.08.03"]
[EventType "swiss"]
[EventRounds "13"]
[EventCountry "POL"]
[Source "lmi"]
[SourceDate "2010.08.03"]

1. e4 e6 2. d4 d5 3. e5 c5 4. c3 Nc6 5. Nf3 Bd7 6. a3 f6 7. b4 cxd4 8. cxd4
fxe5 9. dxe5 Qc7 10. Bb2 Nh6 11. Bd3 Nf7 12. Qe2 a6 13. O-O Be7 14. Nbd2 O-O
15. Nb3 Nfd8 16. Rac1 Be8 17. Qe3 Bh5 18. Nfd4 Qd7 19. f4 Nxd4 20. Nxd4 Nc6 21.
Qh3 Nxd4 22. Bxh7+ Kxh7 23. Qxh5+ Kg8 24. Bxd4 a5 25. Bb6 axb4 26. Rc7 Qe8 27.
Qxe8 Rfxe8 28. axb4 Bxb4 29. Rxb7 Rec8 30. Bc7 Bc5+ 31. Kh1 Be3 32. h3 d4 33.
Bb6 Ra6 34. Rc7 Rxc7 35. Bxc7 d3 36. g3 Ra2 37. Rd1 Rd2 38. Rf1 Rc2 39. Bd6 d2
40. Ba3 Rc1 41. Bxc1 dxc1=Q 42. Rxc1 Bxc1 43. Kg2 Kf7 44. Kf3 Bd2 45. h4 Kg6
46. g4 Kh6 47. h5 Bb4 48. Ke4 Be7 49. Kf3 Bf8 50. Ke4 Kh7 51. Kd4 Kg8 52. Ke4
Kf7 53. Kd4 Ke8 54. Ke4 Kd7 55. Kd4 Kc6 56. Ke4 Kd7 57. Kd4 Ba3 58. Ke4 Be7 59.
Kd4 Bf8 60. Ke4 Be7 1/2-1/2

[Event "Campeonato del Mundo sub-20 2010"]
[Site "Chotowa POL"]
[Date "2010.08.11"]
[Round "8.35"]
[White "Debashis, Das"]
[Black "Kriebel, Tadeas"]
[Result "1-0"]
[WhiteElo "2411"]
[BlackElo "2320"]
[PlyCount "79"]
[EventDate "2010.08.03"]
[EventType "swiss"]
[EventRounds "13"]
[EventCountry "POL"]
[Source "lmi"]
[SourceDate "2010.08.03"]

1. e4 c5 2. Nf3 d6 3. d4 cxd4 4. Nxd4 Nf6 5. Nc3 a6 6. Be3 e5 7. Nb3 Be7 8. f3
Be6 9. Qd2 O-O 10. O-O-O a5 11. Qe1 Qc8 12. a4 Na6 13. g4 Nb4 14. Kb1 d5 15. g5
Ne8 16. exd5 Bf5 17. Na1 Nd6 18. h4 Qd7 19. Rh2 Rfc8 20. Bb6 f6 21. Be3 Kh8 22.
gxf6 Bxf6 23. Bg5 Rxc3 24. Qxc3 Qxa4 25. Qa3 Qd7 26. f4 Bxg5 27. fxg5 Bg4 28.
Re1 Nb5 29. Bxb5 Qxb5 30. h5 Rf8 31. Qg3 Qxd5 32. b3 a4 33. Qxg4 Nxc2 34. Nxc2
axb3 35. Na3 Qa5 36. Rc1 Qxa3 37. Rc8 Qd6 38. Rf2 Rd8 39. Rxd8+ Qxd8 40. Qd7
1-0

[Event "Campeonato del Mundo sub-20 2010"]
[Site "Chotowa POL"]
[Date "2010.08.11"]
[Round "8.36"]
[White "Bajarani, Ulvi"]
[Black "Wieczorek, Oskar"]
[Result "1/2-1/2"]
[WhiteElo "2409"]
[BlackElo "2316"]
[PlyCount "81"]
[EventDate "2010.08.03"]
[EventType "swiss"]
[EventRounds "13"]
[EventCountry "POL"]
[Source "lmi"]
[SourceDate "2010.08.03"]

1. e4 c5 2. Nf3 d6 3. d4 cxd4 4. Nxd4 Nf6 5. Nc3 Nc6 6. Bg5 e6 7. Qd2 a6 8.
O-O-O h6 9. Nxc6 bxc6 10. Bf4 d5 11. Qe3 Qa5 12. Be2 Bb4 13. exd5 cxd5 14. Be5
Be7 15. h4 Bb7 16. Rh3 Qc5 17. Qf4 Rc8 18. Rg3 Rg8 19. Rgd3 Nd7 20. Bg4 Bxh4
21. Bd6 Bg5 22. Qxg5 hxg5 23. Bxc5 Nxc5 24. Re3 Rd8 25. Re5 Ke7 26. Rxg5 f5 27.
Bh5 d4 28. b4 Ne4 29. Nxe4 Bxe4 30. f3 Bc6 31. f4 Bb5 32. g4 g6 33. Bxg6 fxg4
34. Rg1 Be2 35. Re1 Bf3 36. Bf5 Rxg5 37. Rxe6+ Kf7 38. fxg5 g3 39. Rf6+ Kg7 40.
Rg6+ Kf7 41. Rf6+ 1/2-1/2

[Event "Campeonato del Mundo sub-20 2010"]
[Site "Chotowa POL"]
[Date "2010.08.11"]
[Round "8.37"]
[White "Smola, Michal"]
[Black "Botta, Gabriele"]
[Result "0-1"]
[WhiteElo "2220"]
[BlackElo "2302"]
[PlyCount "116"]
[EventDate "2010.08.03"]
[EventType "swiss"]
[EventRounds "13"]
[EventCountry "POL"]
[Source "lmi"]
[SourceDate "2010.08.03"]

1. e4 c5 2. Nc3 Nc6 3. f4 g6 4. Nf3 Bg7 5. Bc4 e6 6. O-O Nge7 7. d3 d5 8. Bb3
O-O 9. Qe1 Nd4 10. Nxd4 cxd4 11. Ne2 dxe4 12. dxe4 Nc6 13. Qf2 b6 14. e5 Ba6
15. Rd1 Bxe2 16. Qxe2 Qc7 17. Qe4 Rfd8 18. Bd2 Bf8 19. Be1 Rac8 20. Bf2 Bc5 21.
h4 Ne7 22. h5 d3 23. cxd3 Bxf2+ 24. Kxf2 Nf5 25. d4 Rxd4 26. Rxd4 Qc5 27. Rad1
Rd8 28. Rc1 Qxd4+ 29. Qxd4 Rxd4 30. g3 Rd2+ 31. Ke1 Rg2 32. Rc8+ Kg7 33. Rc7
Nd4 34. Bd1 Nb5 35. Rd7 Rxb2 36. Bb3 Kf8 37. Bc4 Na3 38. Bb3 a5 39. Rd8+ Ke7
40. Rh8 gxh5 41. Rxh7 Nc2+ 42. Kd2 Nb4+ 43. Kc3 Rf2 44. a3 Rf3+ 45. Kb2 Nd3+
46. Kc2 Nc5 47. Bc4 Ne4 48. Bb5 Rc3+ 49. Kb2 Rc5 50. Bd3 Nxg3 51. Bg6 Rc7 52.
Rxf7+ Kd8 53. Rf8+ Kd7 54. Rg8 Ne2 55. f5 exf5 56. Bxf5+ Kc6 57. Rd8 Re7 58.
Be4+ Kc7 0-1

[Event "Campeonato del Mundo sub-20 2010"]
[Site "Chotowa POL"]
[Date "2010.08.11"]
[Round "8.38"]
[White "Casanova, Fernando Ricardo So"]
[Black "Spoelman, Wouter"]
[Result "0-1"]
[WhiteElo "2074"]
[BlackElo "2580"]
[PlyCount "62"]
[EventDate "2010.08.03"]
[EventType "swiss"]
[EventRounds "13"]
[EventCountry "POL"]
[Source "lmi"]
[SourceDate "2010.08.03"]

1. c4 e5 2. Nc3 Nf6 3. g3 d5 4. cxd5 Nxd5 5. Bg2 Nb6 6. Nf3 Nc6 7. O-O Be7 8.
d3 O-O 9. Be3 Be6 10. Rc1 f5 11. a3 a6 12. Na4 Nxa4 13. Qxa4 Bd5 14. Bc5 Bxc5
15. Rxc5 Qd6 16. Rfc1 Kh8 17. Qh4 h6 18. Qh5 Rf6 19. b4 Rd8 20. Qh4 Rd7 21. a4
Bxf3 22. Bxf3 Nd4 23. Qh5 Kh7 24. Re1 c6 25. a5 g6 26. Qh3 Nb3 27. Rc4 Nd2 28.
Rc5 e4 29. dxe4 fxe4 30. Bg4 Rdf7 31. Qg2 Qd4 0-1

[Event "Campeonato del Mundo sub-20 2010"]
[Site "Chotowa POL"]
[Date "2010.08.11"]
[Round "8.39"]
[White "Arenas Vanegas, David"]
[Black "Tran, Ngoc Lan"]
[Result "1-0"]
[WhiteElo "2364"]
[BlackElo "2218"]
[PlyCount "115"]
[EventDate "2010.08.03"]
[EventType "swiss"]
[EventRounds "13"]
[EventCountry "POL"]
[Source "lmi"]
[SourceDate "2010.08.03"]

1. e4 e5 2. Nf3 Nc6 3. Bb5 Nf6 4. d3 Bc5 5. c3 O-O 6. O-O d6 7. h3 h6 8. Nbd2
a6 9. Ba4 b5 10. Bc2 Bb7 11. Re1 Bb6 12. Nf1 Ne7 13. Ng3 Ng6 14. d4 Re8 15. b3
Qd7 16. Bb2 c5 17. dxe5 dxe5 18. Qxd7 Nxd7 19. Nf5 Bc6 20. Rad1 Rad8 21. c4 f6
22. Nd6 Re6 23. cxb5 axb5 24. a4 b4 25. Bd3 Rxd6 26. Bc4+ Bd5 27. Bxd5+ Kf8 28.
Nd2 Bc7 29. Nc4 Ra6 30. Bc1 Ne7 31. Be3 Nc6 32. Bxc6 Rxc6 33. Rd5 Ke8 34. Rc1
Rc8 35. Kf1 Nb6 36. Rxc5 Rxc5 37. Bxc5 Nxc4 38. Rxc4 Bb6 39. Bxb4 Rxc4 40. bxc4
g6 41. Ke2 Kd7 42. Bf8 h5 43. c5 Ba5 44. Kd3 Be1 45. f3 f5 46. Kc4 Kc6 47. Bd6
Bf2 48. a5 Bg1 49. a6 Bf2 50. a7 Kb7 51. Bb8 Ka8 52. c6 Bxa7 53. Bxa7 Kxa7 54.
Kd5 fxe4 55. fxe4 Kb8 56. Kxe5 Kc7 57. Kf6 Kxc6 58. e5 1-0

[Event "Campeonato del Mundo sub-20 2010"]
[Site "Chotowa POL"]
[Date "2010.08.11"]
[Round "8.40"]
[White "Pavlidis, Anastasios"]
[Black "Pecha, Tomas"]
[Result "1-0"]
[WhiteElo "2359"]
[BlackElo "2187"]
[PlyCount "39"]
[EventDate "2010.08.03"]
[EventType "swiss"]
[EventRounds "13"]
[EventCountry "POL"]
[Source "lmi"]
[SourceDate "2010.08.03"]

1. d4 Nf6 2. c4 c5 3. d5 b5 4. cxb5 a6 5. bxa6 g6 6. g3 d6 7. Bg2 Nbd7 8. Nc3
Bxa6 9. Rb1 Qa5 10. a3 Rb8 11. Nf3 Bg7 12. O-O Ng4 13. Bd2 O-O 14. Qc2 c4 15.
h3 Nge5 16. Nd4 Qb6 17. Nc6 Nxc6 18. dxc6 Bxc3 19. bxc3 Qc7 20. cxd7 1-0

[Event "Campeonato del Mundo sub-20 2010"]
[Site "Chotowa POL"]
[Date "2010.08.11"]
[Round "8.41"]
[White "Platzgummer, Fabian"]
[Black "Lewicki, Miroslaw"]
[Result "1-0"]
[WhiteElo "2351"]
[BlackElo "2149"]
[PlyCount "79"]
[EventDate "2010.08.03"]
[EventType "swiss"]
[EventRounds "13"]
[EventCountry "POL"]
[Source "lmi"]
[SourceDate "2010.08.03"]

1. e4 c5 2. Nf3 d6 3. d4 cxd4 4. Nxd4 Nf6 5. Nc3 a6 6. Be3 e5 7. Nb3 Be6 8. Qd2
Be7 9. f3 O-O 10. O-O-O b5 11. g4 Nbd7 12. g5 Nh5 13. Nd5 Bxd5 14. exd5 b4 15.
Kb1 a5 16. Rg1 a4 17. Nc1 Qa5 18. Rg4 Rfb8 19. Rh4 Nf4 20. Bxf4 exf4 21. Qxf4
b3 22. cxb3 axb3 23. a3 Ne5 24. Qe3 Qc7 25. Bd3 h6 26. f4 Rc8 27. Nxb3 Rab8 28.
Rc1 Qb7 29. Rxc8+ Rxc8 30. Qe4 Bxg5 31. Na5 Qc7 32. fxg5 Nxd3 33. Nc6 Nc5 34.
Qf5 Re8 35. gxh6 Qb7 36. Rb4 Qa6 37. Ne7+ Kf8 38. Ng6+ Kg8 39. h7+ Kxh7 40.
Qh5+ 1-0

[Event "Campeonato del Mundo sub-20 2010"]
[Site "Chotowa POL"]
[Date "2010.08.11"]
[Round "8.42"]
[White "Zhou, Yang-fan"]
[Black "Roos, Adrian"]
[Result "1/2-1/2"]
[WhiteElo "2348"]
[BlackElo "2097"]
[PlyCount "115"]
[EventDate "2010.08.03"]
[EventType "swiss"]
[EventRounds "13"]
[EventCountry "POL"]
[Source "lmi"]
[SourceDate "2010.08.03"]

1. e4 c5 2. Nf3 d6 3. d4 cxd4 4. Nxd4 Nf6 5. Nc3 a6 6. h3 e6 7. g4 Be7 8. Bg2
Nfd7 9. Be3 g5 10. h4 gxh4 11. f4 Nc6 12. g5 Nxd4 13. Qxd4 e5 14. Qd2 exf4 15.
Bxf4 Ne5 16. O-O-O Bg4 17. Rdf1 Be6 18. Nd5 Rc8 19. Bh3 Rc4 20. Bxe6 fxe6 21.
Nxe7 Qxe7 22. Bxe5 dxe5 23. Rxh4 Rd4 24. Qf2 Qxg5+ 25. Kb1 Rd7 26. Rhh1 Qe7 27.
Qg3 Qg7 28. Qh3 Kd8 29. Qxe6 Re8 30. Qb6+ Kc8 31. Qa7 Red8 32. Rc1 Rd4 33. Rh3
Rc4 34. Rch1 h6 35. Rb3 Qc7 36. a3 Rc6 37. Rhh3 Qb8 38. Qxb8+ Kxb8 39. Rbd3 Rg8
40. b3 Rg4 41. Rde3 Rg2 42. Rc3 Rxc3 43. Rxc3 Re2 44. Rh3 Rxe4 45. Rxh6 Kc7 46.
Kb2 Kd7 47. Kc3 Rd4 48. Rb6 Kc7 49. Re6 Rd5 50. Kc4 Ra5 51. a4 b6 52. Kd3 Rd5+
53. Ke4 Rd2 54. c3 Rb2 55. b4 Rb3 56. Kd5 Rxc3 57. Re7+ Kb8 58. Rxe5 1/2-1/2

[Event "Campeonato del Mundo sub-20 2010"]
[Site "Chotowa POL"]
[Date "2010.08.11"]
[Round "8.44"]
[White "Schiendorfer, Emanuel"]
[Black "Hercules, Benjamin Vincent"]
[Result "1-0"]
[WhiteElo "2305"]
[BlackElo "2057"]
[PlyCount "69"]
[EventDate "2010.08.03"]
[EventType "swiss"]
[EventRounds "13"]
[EventCountry "POL"]
[Source "lmi"]
[SourceDate "2010.08.03"]

1. d4 d5 2. c4 c6 3. Nc3 Nf6 4. Nf3 e6 5. Bg5 h6 6. Bxf6 Qxf6 7. g3 Nd7 8. Bg2
g6 9. O-O Bg7 10. e4 dxe4 11. Nxe4 Qe7 12. Re1 O-O 13. c5 Rd8 14. Qc2 Nf6 15.
Nxf6+ Bxf6 16. Rad1 Bd7 17. Ne5 Be8 18. Qc3 h5 19. a4 Qc7 20. Rb1 Bg7 21. f4
Kh7 22. Rbd1 Qe7 23. Bf3 Qf6 24. Qa3 Rac8 25. Rd3 Rc7 26. h3 Bh6 27. Be4 Kg8
28. Rf1 Bg7 29. Rd2 Bd7 30. g4 hxg4 31. hxg4 Kf8 32. g5 Qe7 33. Bxg6 f6 34.
gxf6 Bxf6 35. Rg2 1-0

[Event "Campeonato del Mundo sub-20 2010"]
[Site "Chotowa POL"]
[Date "2010.08.11"]
[Round "8.45"]
[White "Pagerka, Martin"]
[Black "Barski, Radoslaw"]
[Result "1/2-1/2"]
[WhiteElo "2215"]
[BlackElo "2290"]
[PlyCount "95"]
[EventDate "2010.08.03"]
[EventType "swiss"]
[EventRounds "13"]
[EventCountry "POL"]
[Source "lmi"]
[SourceDate "2010.08.03"]

1. e4 c5 2. Nf3 d6 3. d4 cxd4 4. Nxd4 Nf6 5. f3 a6 6. c4 e6 7. Nc3 Be7 8. Be3
b6 9. Be2 Bb7 10. O-O Nbd7 11. Qd2 Rc8 12. Rfd1 Qc7 13. a4 Ne5 14. Rdc1 Qb8 15.
b3 O-O 16. a5 bxa5 17. Rxa5 d5 18. exd5 exd5 19. Nf5 Bb4 20. Ra4 a5 21. Bd4
Nfd7 22. Qg5 g6 23. Rxb4 axb4 24. Ne7+ Kg7 25. Nxc8 f6 26. Qe3 bxc3 27. Na7
dxc4 28. bxc4 Re8 29. Qxc3 Ng4 30. fxg4 Rxe2 31. Rc2 Rxc2 32. Qxc2 Qf4 33. Qf2
Qxg4 34. Nb5 Bc6 35. h3 Qe6 36. Qf1 Qe4 37. Ba1 h5 38. Nd4 Ba8 39. Bb2 h4 40.
Nf3 g5 41. Qc1 Kg6 42. c5 Bc6 43. Bd4 g4 44. Nxh4+ Kh5 45. Bf2 gxh3 46. Qd1+
Kh6 47. Qd2+ Kg7 48. Qe3 1/2-1/2

[Event "Campeonato del Mundo sub-20 2010"]
[Site "Chotowa POL"]
[Date "2010.08.11"]
[Round "8.46"]
[White "Swiech, Przemyslaw"]
[Black "Anton, Teodor"]
[Result "0-1"]
[WhiteElo "2166"]
[BlackElo "2350"]
[PlyCount "88"]
[EventDate "2010.08.03"]
[EventType "swiss"]
[EventRounds "13"]
[EventCountry "POL"]
[Source "lmi"]
[SourceDate "2010.08.03"]

1. d4 Nf6 2. c4 e6 3. Nc3 Bb4 4. e3 c5 5. Bd3 O-O 6. Nf3 d5 7. O-O cxd4 8. exd4
dxc4 9. Bxc4 Bxc3 10. bxc3 Qc7 11. Qd3 Nbd7 12. Bb3 b6 13. c4 Bb7 14. Bb2 Rfd8
15. Qe2 Ng4 16. d5 exd5 17. cxd5 Qd6 18. Qc4 Ngf6 19. Rad1 Re8 20. Ng5 Nc5 21.
Qh4 h6 22. Ne6 fxe6 23. Bxf6 e5 24. Bxg7 Kxg7 25. Bc2 Qf6 26. Qg3+ Kh8 27. f4
e4 28. Qe3 Rad8 29. g4 Bxd5 30. g5 Qg7 31. Kh1 Bc4 32. Rg1 Bd3 33. f5 Bxc2 34.
f6 Qg6 35. Rdf1 Bd1 36. Rxd1 Rxd1 37. Rxd1 Qxg5 38. Qd4 Rf8 39. Rf1 Rf7 40.
Qd8+ Qg8 41. Qd5 Qf8 42. Rf5 Rxf6 43. Qd4 Nd7 44. Rd5 Qg7 0-1

[Event "Campeonato del Mundo sub-20 2010"]
[Site "Chotowa POL"]
[Date "2010.08.11"]
[Round "8.47"]
[White "Sreeves, Clement"]
[Black "Akkozov, Berik"]
[Result "1/2-1/2"]
[WhiteElo "2085"]
[BlackElo "2328"]
[PlyCount "80"]
[EventDate "2010.08.03"]
[EventType "swiss"]
[EventRounds "13"]
[EventCountry "POL"]
[Source "lmi"]
[SourceDate "2010.08.03"]

1. e4 c5 2. Nf3 d6 3. d4 Nf6 4. Nc3 cxd4 5. Nxd4 a6 6. Be3 Ng4 7. Bg5 h6 8. Bh4
g5 9. Bg3 Bg7 10. h3 Nf6 11. Qe2 Nc6 12. Nxc6 bxc6 13. e5 dxe5 14. Bxe5 O-O 15.
g4 Qa5 16. Bg2 Nh5 17. Bxg7 Nf4 18. Qxe7 Nxg2+ 19. Kf1 Kxg7 20. Kxg2 Be6 21.
Rad1 Rab8 22. Ne4 Qe5 23. Rhe1 Rfe8 24. Qa3 Qxb2 25. Qc3+ Qxc3 26. Nxc3 Rb2 27.
Rc1 Rd8 28. Re2 Rd4 29. Kg3 Bc4 30. Re5 Bb5 31. a4 Bxa4 32. Nxa4 Rxa4 33. Rc5
Ra3+ 34. Kg2 Rb6 35. Rd1 a5 36. Rd7 Ra2 37. Rf5 Rxc2 38. Rdxf7+ Kg8 39. Rf8+
Kg7 40. R5f7+ Kg6 1/2-1/2

[Event "Campeonato del Mundo sub-20 2010"]
[Site "Chotowa POL"]
[Date "2010.08.11"]
[Round "8.48"]
[White "Posedaru, Bogdan"]
[Black "Kaleta, Blazej"]
[Result "1-0"]
[WhiteElo "2294"]
[BlackElo "1944"]
[PlyCount "117"]
[EventDate "2010.08.03"]
[EventType "swiss"]
[EventRounds "13"]
[EventCountry "POL"]
[Source "lmi"]
[SourceDate "2010.08.03"]

1. d4 d5 2. c4 c6 3. Nf3 Nf6 4. e3 Bf5 5. Nc3 e6 6. Nh4 Bg6 7. Nxg6 hxg6 8. Bd2
Nbd7 9. g3 Be7 10. f4 b6 11. b3 Bb4 12. Bg2 Qe7 13. Rc1 Rc8 14. O-O O-O 15. Qc2
Rfd8 16. e4 dxe4 17. Nxe4 Nxe4 18. Bxe4 Bxd2 19. Qxd2 Nf6 20. Bf3 Rd6 21. Rc3
Rcd8 22. Rd3 c5 23. d5 exd5 24. cxd5 Qd7 25. Re1 Kf8 26. Re5 Ne8 27. Qe2 f6 28.
Bg4 Qf7 29. Be6 Qb7 30. Qf1 fxe5 31. fxe5+ Nf6 32. exf6 Rxd5 33. Qh3 gxf6 34.
Qh8+ Ke7 35. Qg7+ Kxe6 36. Re3+ Re5 37. Rxe5+ Kxe5 38. Qxb7 Rd1+ 39. Kf2 Rd2+
40. Kf3 Rxa2 41. Qe7+ Kd5 42. Qe4+ Kd6 43. Qxg6 Rxh2 44. Qxf6+ Kd5 45. Qf7+ Kd4
46. Qxa7 b5 47. b4 Rc2 48. Qb6 Rc3+ 49. Kf4 Rc4 50. bxc5 Rxc5 51. g4 Kc4 52. g5
b4 53. g6 Rb5 54. Qxb5+ Kxb5 55. g7 Ka4 56. g8=Q Ka3 57. Qa8+ Kb2 58. Ke3 b3
59. Kd2 1-0

[Event "Campeonato del Mundo sub-20 2010"]
[Site "Chotowa POL"]
[Date "2010.08.11"]
[Round "8.50"]
[White "Lukovic, Vladimir"]
[Black "Larmuseau, Maarten"]
[Result "0-1"]
[WhiteElo "2130"]
[BlackElo "2277"]
[PlyCount "48"]
[EventDate "2010.08.03"]
[EventType "swiss"]
[EventRounds "13"]
[EventCountry "POL"]
[Source "lmi"]
[SourceDate "2010.08.03"]

1. e4 Nc6 2. d4 e5 3. d5 Nce7 4. c4 Nf6 5. Nc3 Ng6 6. Bd3 Bc5 7. f3 O-O 8. g3
d6 9. Bg5 h6 10. Bd2 a6 11. Qc2 Bd7 12. O-O-O b5 13. h4 Ne7 14. Nge2 c6 15.
dxc6 Nxc6 16. Nd5 Rc8 17. Kb1 bxc4 18. Bxc4 Nxd5 19. exd5 Nd4 20. Nxd4 Bxd4 21.
Qd3 Qb6 22. b3 Rxc4 23. Qxc4 Bf5+ 24. Kc1 Rc8 0-1

[Event "Campeonato del Mundo sub-20 2010"]
[Site "Chotowa POL"]
[Date "2010.08.11"]
[Round "8.54"]
[White "Aguirre Manzo, Leopoldo Antonio"]
[Black "Guo-yuthok, Sherab"]
[Result "1-0"]
[WhiteElo "2203"]
[BlackElo "1975"]
[PlyCount "39"]
[EventDate "2010.08.03"]
[EventType "swiss"]
[EventRounds "13"]
[EventCountry "POL"]
[Source "lmi"]
[SourceDate "2010.08.03"]

1. e4 e5 2. Nf3 Nc6 3. Bc4 Bc5 4. c3 Nf6 5. d4 exd4 6. O-O d5 7. exd5 Nxd5 8.
cxd4 Be7 9. Nc3 Be6 10. Qb3 Na5 11. Qa4+ c6 12. Bxd5 Bxd5 13. Nxd5 Qxd5 14. Re1
b6 15. Bd2 Rd8 16. Re5 Qd7 17. Rae1 O-O 18. Rxe7 Qg4 19. Bxa5 bxa5 20. Qxc6 1-0

[Event "Campeonato del Mundo sub-20 2010"]
[Site "Chotowa POL"]
[Date "2010.08.11"]
[Round "8.55"]
[White "Podolsky, Anton"]
[Black "Gora, Jan"]
[Result "1/2-1/2"]
[WhiteElo "2190"]
[BlackElo "1848"]
[PlyCount "88"]
[EventDate "2010.08.03"]
[EventType "swiss"]
[EventRounds "13"]
[EventCountry "POL"]
[Source "lmi"]
[SourceDate "2010.08.03"]

1. e4 c5 2. Nf3 g6 3. c3 d5 4. exd5 Qxd5 5. d4 Nf6 6. Be2 Bg7 7. O-O O-O 8. h3
cxd4 9. cxd4 Nc6 10. Nc3 Qd8 11. Be3 Nd5 12. Nxd5 Qxd5 13. Qd2 e5 14. Rfd1 exd4
15. Nxd4 Nxd4 16. Bxd4 Rd8 17. Bc3 Qxd2 18. Rxd2 Rxd2 19. Bxd2 Bxb2 20. Rb1 Be5
21. Bf3 Be6 22. Rxb7 Rb8 23. a4 Rxb7 24. Bxb7 Bc4 25. Be3 a6 26. f4 Bd6 27. Kf2
Bb4 28. Kf3 f5 29. g4 Kf7 30. Bc8 Bd3 31. Bd4 Bd2 32. Be3 Bc3 33. Bc5 Be4+ 34.
Ke3 a5 35. Bd4 Bxd4+ 36. Kxd4 Bc6 37. gxf5 Kf6 38. fxg6 hxg6 39. Kc5 Bxa4 40.
Kb6 Bc2 41. Kxa5 Bf5 42. Ba6 Bxh3 43. Bd3 Bf5 44. Bb5 Be6 1/2-1/2

[Event "Campeonato del Mundo sub-20 2010"]
[Site "Chotowa POL"]
[Date "2010.08.11"]
[Round "8.58"]
[White "Lewtak, Damian"]
[Black "Janus, Przemyslaw"]
[Result "1/2-1/2"]
[WhiteElo "2008"]
[BlackElo "2085"]
[PlyCount "45"]
[EventDate "2010.08.03"]
[EventType "swiss"]
[EventRounds "13"]
[EventCountry "POL"]
[Source "lmi"]
[SourceDate "2010.08.03"]

1. e4 c5 2. Nf3 Nc6 3. d4 cxd4 4. Nxd4 g6 5. c4 Bg7 6. Be3 d6 7. Nc3 Nf6 8. Be2
O-O 9. O-O Nxd4 10. Bxd4 Bd7 11. Be3 Bc6 12. f3 Qa5 13. Rb1 Rfc8 14. b4 Qd8 15.
Qd2 Bd7 16. Rfc1 a6 17. a4 Be6 18. Nd5 Bxd5 19. cxd5 Nd7 20. a5 h5 21. Kh1 Kh7
22. f4 Qh8 23. Bd3 1/2-1/2

[Event "Campeonato del Mundo sub-20 2010"]
[Site "Chotowa POL"]
[Date "2010.08.11"]
[Round "8.60"]
[White "Zecevic, Ivan"]
[Black "Bryan-vissi, Mark"]
[Result "1-0"]
[WhiteElo "1995"]
[BlackElo "1847"]
[PlyCount "55"]
[EventDate "2010.08.03"]
[EventType "swiss"]
[EventRounds "13"]
[EventCountry "POL"]
[Source "lmi"]
[SourceDate "2010.08.03"]

1. e4 c5 2. Nf3 d6 3. d4 cxd4 4. Qxd4 Nc6 5. Bb5 Bd7 6. Bxc6 Bxc6 7. Nc3 Nf6 8.
Bg5 e6 9. O-O-O Be7 10. Qd3 Qc7 11. h4 O-O-O 12. Nd4 a6 13. f4 h6 14. Bxf6 Bxf6
15. g4 Qb6 16. Nce2 Bxd4 17. Nxd4 d5 18. e5 Bb5 19. Qe3 Qc7 20. Rh3 Bc6 21. Rd3
Kb8 22. Rc3 Rc8 23. Nxc6+ bxc6 24. Qc5 Qa7 25. Rb3+ Ka8 26. Rb6 a5 27. Ra3 a4
28. b3 1-0